O gato Malhado e a Andorinha Sinhá (Registo nº 249)

Detalhes MARC
000 -Etiqueta do registo
Cabeçalho 00872nam0a2200277 4500
005 - Identificador da versão
Campo de controlo 20240821130248.0
010 ## - Número internacional normalizado dos livros (ISBN)
Número (ISBN) 9789722020244
021 ## - Número do Depósito Legal
Código do país PT
Número 291088/09
100 ## - Dados gerais de processamento
Dados gerais de processamento 20150708d2009 cd y0pory5003 ba
101 0# - Língua de publicação
Língua do texto, banda sonora, etc. Português
102 ## - Pais de publicação ou produção
País de publicação Portugal
200 1# - Titulo e menção de responsabilidade
Título próprio O gato Malhado e a Andorinha Sinhá
Informação de outro título uma história de amor
Primeira menção de responsabilidade Jorge Amado
Outras menções de responsabilidade il. de Carybé
205 ## - Menção da edição
Menção da edição 18ª ed
210 ## - Publicação, Distribuição, etc. 
Lugar da edição, distribuição, etc. Alfragide
Nome do editor, distribuidor, etc. Dom Quixote
Data da publicação, distribuição, etc. 2009
215 ## - Descrição física 
Indicação específica da natureza do documento e extensão da espécie 110 p.
Outras indicações físicas il. color
225 2# - Colecção 
Título próprio da colecção Biblioteca de bolso
Nome de uma parte ou secção Literatura
Indicação de volume 20
300 ## - Notas gerais 
Texto da nota Plano Nacional de Leitura
314 ## - Notas relativas a responsabilidade intelectual 
Texto da nota Carybé é pseudónimo de Hector Julio Páride Bernabó
606 ## - Nome comum usado como assunto
Número de registo de entrada de autoridade 0002117
Palavra de ordem Literatura brasileira
Subdivisão de assunto Conto
Código do sistema CA
675 ## - Classificação Decimal Universal (CDU)
Notação 821.134.3(81)-34
Edição 3ª ed.
Língua da edição por
700 #1 - Nome de autor-pessoa física (responsabilidade principal)
Número de registo de entrada de autoridade 0002343
Palavra de ordem Amado
Outra parte do nome não tomada para palavra de ordem Jorge
Datas 1912-2001
702 #0 - Nome de autor-pessoa física (responsabilidade secundária)
Número de registo de entrada de autoridade 0002345
Palavra de ordem Carybé
Elementos de identificação ou distinção pseud.
Datas 1911-1997
Código de função Ilustrador / Técnico de desenho computorizado
942 ## - Elementos de entrada adicionados (Koha)
Tipo de item no Koha Livro
966 ## - Identificação da Biblioteca
Sigla EB2,3ENM
Exemplares
Situação do levantamento Origin of item (home branch) (coded) Biblioteca de empréstimo Código de barras Cota Circulation type (not for loan) Tipo de documento Nota do exemplar Damaged status
  Biblioteca Escolar Eng. Nuno Mergulhão Biblioteca Escolar Eng. Nuno Mergulhão BENM1796 82LE-34 AMA PNL   Livro Sem mensagem  
  Biblioteca Escolar Eng. Nuno Mergulhão Biblioteca Escolar Eng. Nuno Mergulhão BENM1797 82LE-34 AMA PNL   Livro Sem mensagem  
  Biblioteca Escolar Eng. Nuno Mergulhão Biblioteca Escolar Eng. Nuno Mergulhão BENM1798 82LE-34 AMA PNL   Livro Sem mensagem  
  Biblioteca Escolar Eng. Nuno Mergulhão Biblioteca Escolar Eng. Nuno Mergulhão BENM1799 82LE-34 AMA PNL   Livro Sem mensagem  
  Biblioteca Escolar Eng. Nuno Mergulhão Biblioteca Escolar Eng. Nuno Mergulhão BENM1801 82LE-34 AMA PNL   Livro Sem mensagem  
  Biblioteca Escolar Eng. Nuno Mergulhão Biblioteca Escolar Eng. Nuno Mergulhão BENM1802 82LE-34 AMA PNL   Livro Sem mensagem  
  Biblioteca Escolar Eng. Nuno Mergulhão Biblioteca Escolar Eng. Nuno Mergulhão BENM1804 82LE-34 AMA PNL   Livro Sem mensagem  
  Biblioteca Escolar Eng. Nuno Mergulhão Biblioteca Escolar Eng. Nuno Mergulhão BENM1805 82LE-34 AMA PNL   Livro Sem mensagem  
  Biblioteca Escolar Eng. Nuno Mergulhão Biblioteca Escolar Eng. Nuno Mergulhão BENM1807 82LE-34 AMA PNL   Livro Sem mensagem  
  Biblioteca Escolar Eng. Nuno Mergulhão Biblioteca Escolar Eng. Nuno Mergulhão BENM1808 82LE-34 AMA PNL   Livro Sem mensagem  
  Biblioteca Escolar Eng. Nuno Mergulhão Biblioteca Escolar Eng. Nuno Mergulhão BENM1809 82LE-34 AMA PNL   Livro Sem mensagem  
  Biblioteca Escolar Eng. Nuno Mergulhão Biblioteca Escolar Eng. Nuno Mergulhão BENM1810 82LE-34 AMA PNL   Livro Sem mensagem